| 000 | 00838cam a2200277 a 4500 | ||
|---|---|---|---|
| 001 | 899777 | ||
| 005 | 20180306145328.0 | ||
| 008 | 810508s1981 nyu 001 0 eng | ||
| 010 | _a 81050685 | ||
| 020 | _a0670513830 | ||
| 040 |
_aDLC _cDLC _dDLC |
||
| 043 | _an-us--- | ||
| 100 | 1 |
_aGermond, Jack W. _q(Jack Worthen), _d1928-2013. |
|
| 245 | 1 | 0 |
_aBlue smoke and mirrors : _bhow Reagan won and why Carter lost the election of 1980 / _cJack W. Germond and Jules Witcover. |
| 260 |
_aNew York : _bViking, _cc1981. |
||
| 300 |
_axviii, 337 p. ; _c24 cm. |
||
| 336 | _atext | ||
| 337 | _aunmediated | ||
| 338 | _avolume | ||
| 500 | _aIncludes index. | ||
| 600 | 1 | 0 | _aReagan, Ronald. |
| 600 | 1 | 0 |
_aCarter, Jimmy, _d1924- |
| 650 | 0 |
_aPresidents _zUnited States _xElection _y1980. |
|
| 700 | 1 | _aWitcover, Jules. | |
| 942 |
_2lcc _cBK |
||
| 999 |
_c40954 _d40954 |
||